Collective action and identity
Se discute la creación y reforzamiento de símbolos que representan o son la base para el desarrollo de sentimientos de identidad y solidaridad, aspectos sin los cuales la acción coletiva no podría darse.
Salvato in:
| Natura: | testo |
|---|---|
| Soggetti: | |
| Tags: |
Aggiungi Tag
Nessun Tag, puoi essere il primo ad aggiungerne!!
|
MARC
| LEADER | 00000 a a2200000 04500 | ||
|---|---|---|---|
| 001 | 40013 | ||
| 003 | |||
| 040 | |||
| 245 | |a Collective action and identity | ||
| 520 | |a Se discute la creación y reforzamiento de símbolos que representan o son la base para el desarrollo de sentimientos de identidad y solidaridad, aspectos sin los cuales la acción coletiva no podría darse. | ||
| 590 | |a RRA/AGOSTO2010 | ||
| 650 | |a 1.IDENTIDAD CULTURAL | ||
| 650 | |a 2.ACCION COLECTIVA | ||
| 650 | |a 3.COMPORTAMIENTO SOCIAL | ||
| 773 | |g páginas 83-109 | ||
| 999 | |c 26925 |d 26925 | ||
